| 000 | 00475nam a2200169Ia 4500 | ||
|---|---|---|---|
| 008 | 151213s9999 xx 000 0 und d | ||
| 020 | _a007282340 - 2 | ||
| 100 | _aR.Dornbusch , S. Fischer & R. Startz | ||
| 245 |
_aMacro Economics _cR.Dornbusch , S. Fischer & R. Startz |
||
| 250 | _a9 th | ||
| 260 |
_aNew York _bMc Grow Hill _c2006 |
||
| 300 | _a4066 p. | ||
| 650 | _aEconomics | ||
| 650 | _aEconomics | ||
| 700 | _aR.Dornbusch , S. Fischer & R. Startz | ||
| 999 |
_c2555 _d2555 |
||